01048naa a2200157 a 450000100080000000500110000800800410001910000110006024500130007126000090008452006220009365300230071565300180073865300140075677301200077010836762012-02-17 1990 bl uuuu u00u1 u #d1 aEpagri aFeij??o. c1990 aA produtividade m??dia das cinco cultivares de feij??o recomendadas como peferenciais para Santa Catarina, obtida em cada uma das cinco regi??es agroclim??ticas para o cultivo do feij??o, ?? apresentada em tr??s tabelas. As cultivares preferenciais s??o: a) Feij??o preto - FT 120, EMPASC 201 - Chapec?? e Rio Tibagi; b) Feij??o de cor - Carioca e Carioca 80 SH (sem halo). Uma tabela com as principais caracter??sticas das cultivares recomendadas e outra com as ??pocas de semeadura de feij??o s??o apresentadas. Uma figura com o Zoneamento clim??tico para o cultivo do feij??o em Santa Catarina tamb??m ?? mostrada. aPhaseolus vulgaris aProdutividade aVariedade tIn: Epagri. Recomenda????o de cultivares para o Estado de Santa Catarina 1990/91. Florian??polis, SC: EMPASC, 1990.